000 00487pab a2200181 454500
008 180718b2006 xxu||||| |||| 00| 0 eng d
100 _aTandon, B.B.
245 _aManagement education in India is crying for reforms
260 _c2006
300 _ap.6-12.
362 _a31 Jul
650 _aEducational reform - India
650 _aManagement education - India
650 _aManagement education
700 _aAngrish, Anil Kumar
773 _aUniversity News
909 _a70659
999 _c70659
_d70659